00401nam a2200157Ia 4500008004100000020001800041082001500059100002000074245003900094250000800133260002500141300001300166500002600179650001600205700002200221230524s9999 xx 000 0 und d a9780070634169 a518.4bCHA aSteven C Chapra 0a"Numerical Methods for Engineers," a5TH aNEW DELHIbTMHc2010 aXVII;773 aQuantity Number: 112 aMathematics a Raymond P Canale